| 000 | 00540nam a2200181Ia 4500 | ||
|---|---|---|---|
| 001 | 58715 | ||
| 008 | 150616n2013 ii |||gr||||Z||||||465 | ||
| 020 | _a9781259062599 | ||
| 082 | _a539 | ||
| 245 | 0 |
_aFundamentals of Molecular Spectroscopy _cColin N.Banwell & Elaine M McCash _hTextual Documents |
|
| 250 | _a5th ed. | ||
| 260 |
_aNew Delhi _bMcGraw Hill Education (India) Private Limited _c2013 |
||
| 300 |
_a383pg: _c21cm. |
||
| 653 | _aModem physics | ||
| 653 | _aG-Physics | ||
| 700 |
_aBanwell,Colin N., _eAuthor., |
||
| 942 |
_2ddc _cBK |
||
| 999 |
_c58603 _d58603 |
||